000 00512nam a2200169 4500
003 OSt
005 20230125160314.0
008 221117b |||||||| |||| 00| 0 eng d
040 _cBiblioteca Lado V
082 _a700
_bB241c
100 _9622
_aBarbuzza, Tite
_eautor
245 _aC/Temp/
_bArte Contemporáneo Mendocino/
260 _bFundación del Interior
_aArgentina
300 _c22x22cm
_bPosterdoblado
700 _aFrerot, Christine
_eautor
_9454
942 _2ddc
_c1
_h700
_iB241c
_n0
999 _c2891
_d2891